| 000 | 00393nam a22001697a 4500 | ||
|---|---|---|---|
| 005 | 20200520122134.0 | ||
| 008 | 200520b xxu||||| |||| 00| 0 eng d | ||
| 020 | _a8174733205 | ||
| 041 | _aeng | ||
| 082 | _a576.2 WHO | ||
| 100 |
_aWHO _95187 |
||
| 245 | _aLaboratory Biosafety Manual | ||
| 260 |
_aDelhi _bAITBS PUBLISHERS |
||
| 300 | _a177, VII | ||
| 650 |
_aPharmacy _95598 |
||
| 942 | _cBK | ||
| 999 |
_c6322 _d6320 |
||